000 00380cam a2200157ua 4500
041 _aeng
_h
082 _a823.308
_bCHR/CR
100 _aChristie, Agatha .
245 _aCrooked house /
_cAgatha Christie.
_hTextual Documents
250 _a1 /
_b.
260 _aNew York :
_bPocket books INC ,
_c1964.
300 _a200 ; .
504 _a
942 _cBK
999 _c6671
_d6671